00420nam a2200181Ia 4500003000400000005001700004008004100021020001800062040000700080041000800087082001600095100001500111245005000126260002000176300000900196650001400205700001900219OSt20251205150712.0250729s2005 xx 000 0 und d a9788188836741 cAL aeng a370.78 MISP aMishra B C aPersonality patterns and academic achievement aNew Delhic2005 a142p aEducation aRao Digumurthi